000 00596nam a2200217Ia 4500
003 OSt
005 20220926041850.0
006 a|||||r|||| 00| 0
007 ta
008 220923b |||||||| |||| 00| 0 eng d
037 _cGeneral Book
040 _aRTL
_cRTL
_beng
041 _2eng
_aeng
082 _aY73(P15):1, G0
100 _aShastri Dakshinaranjan
_9345462
245 0 _aShort history of Indian materialism sensationalism
260 _c1950
650 _aIndian
_9232679
942 _hY73(P15):1, G0
_cGB
_2CC
999 _c668234
_d668234